Flags of Countries That Border the Baltic Sea - Statistics

General Stats
  • This quiz has been taken 2,676 times
  • The average score is 9 of 9
Answer Stats
Flag Country % Correct
Denmark
99%
Finland
99%
Germany
99%
Poland
99%
Russia
99%
Sweden
99%
Estonia
98%
Latvia
97%
Lithuania
96%
No matching quizzes found
Score Distribution
Percent of People with Each Score
Percentile by Number Answered
Your Score History
You have not taken this quiz